Insider trading on the Kuala Lumpur Stock Exchange : an empirical study /
Saved in:
| 主要作者: | |
|---|---|
| 格式: | Thesis 圖書 |
| 語言: | English |
| 出版: |
2001.
|
| 主題: | |
| 在線閱讀: | http://studentsrepo.um.edu.my/id/eprint/1021 |
| 標簽: |
添加標簽
沒有標簽, 成為第一個標記此記錄!
|
| LEADER | 01259cam a2200313 a 4500 | ||
|---|---|---|---|
| 001 | u501089 | ||
| 003 | SIRSI | ||
| 008 | 001027s2001 my t 00 eng m | ||
| 035 | |a ACU-7107 | ||
| 040 | |a UMK |d UMM | ||
| 090 | |a HF1008 |b UM 2001 Lim | ||
| 098 | |a HF5630 |b UM 2001 Lim | ||
| 100 | 1 | 0 | |a Lim, Jooky. |
| 245 | 1 | 0 | |a Insider trading on the Kuala Lumpur Stock Exchange : |b an empirical study / |c Lim Jooky. |
| 260 | |c 2001. | ||
| 300 | |a 46 leaves : |b ill. ; |c 30 cm. | ||
| 502 | |a Dissertation (M.B.A.) -- Fakulti Perniagaan dan Perakaunan, Universiti Malaya, 2001. | ||
| 504 | |a Bibliography: leaves 43-46. | ||
| 610 | 2 | 0 | |a Bursa Saham Kuala Lumpur |
| 650 | 0 | |a Securities |z Malaysia. | |
| 650 | 0 | |a Insider trading in securities |z Malaysia. | |
| 650 | 0 | |a Stock exchanges |z Malaysia. | |
| 710 | 2 | 0 | |a Universiti Malaya. |b Fakulti Perniagaan dan Perakaunan. |
| 856 | |a RC:A511962184 |z Click Here for Abstract and Table of Contents | ||
| 856 | 4 | 1 | |u http://studentsrepo.um.edu.my/id/eprint/1021 |
| 948 | |a 13/06/2002 |b 19/07/2004 | ||
| 596 | |a 1 19 | ||
| 999 | |a HF1008 UM 2001 LIM |w LC |c 1 |i A510951125 |d 6/12/2005 |e 1/12/2005 |f 1/4/2005 |g 1 |l STACKS |m P01UTAMA |n 2 |r Y |s Y |t TESIS |u 19/3/2005 | ||
| 999 | |a HF5630 UM 2001 LIM |w LC |c 1 |i A510414643 |l STACKS |m P19KOTA |r Y |s Y |t TESIS |u 9/1/2004 | ||
